Minecraft Blocks #2 - Statistics

General Stats
  • This quiz has been taken 78 times
  • The average score is 17 of 20
Answer Stats
Picture Answer % Correct
Cactus
97%
Sandstone
97%
Cobweb
96%
Dirt
96%
Pumpkin
96%
Wool
96%
Emerald Ore
94%
Spawner
94%
Diorite
90%
Stonecutter
90%
Amethyst
85%
Brain Coral
85%
Acacia
84%
Cauldron
82%
Scaffolding
82%
Observer
78%
Dripstone
72%
Packed Mud
69%
Lodestone
58%
Shroomlight
49%
No matching quizzes found
Score Distribution
Percent of People with Each Score
Percentile by Number Answered
Your Score History
You have not taken this quiz